000 00460nam a2200181Ia 4500
001 19935
005 20260306172729.0
008 260306t2022||||xx |||||||||||||| ||spa||
041 _aESP
082 _a341.4
_bV933T
100 _aVega Reñón, Luis
_eAUT
245 0 _aLa teoría de la argumentación en sus textos:
_buna antología
260 _c2022
300 _a458 páginas :
_c21 cm.
650 _aGEN
654 _aCDE
942 _cLIB
_dJUS
_fJUS
_2ddc
_n
999 _c19935
_d19935